000 00606nam a2200181Ia 4500
008 140626s9999 xx 000 0 und d
100 _aFlatt-Fultz, Elizabeth.
245 _aEmpowerment training and direct support professionals' attitudes about individuals with intellectual disabilities /
_cElizabeth Flatt-Fultz.
260 _cc2012.
300 _a16 : 2, page 119
440 _aJournal of Intellectual Disabilities
521 _aSPED
650 _aEmpowerment.
650 _aIntellectual disability.
650 _aProfessional training.
650 _aProfessionals' attitudes.
942 _cSE
999 _c120944
_d120944